[Event "CHN Team"]
[Site "Zhongshan"]
[Date "2015.07.13"]
[Round "5"]
[White "Yang, Yanjing"]
[Black "Xiao, Junyuan"]
[Result "1-0"]
[WhiteElo "1968"]
[BlackElo "2020"]
[PlyCount "43"]
[EventDate "2015.07.11"]
[EventType "team-swiss"]
[EventRounds "11"]
[EventCountry "CHN"]
[SourceTitle "CBM 167 Extra"]
[Source "ChessBase"]
[SourceDate "2015.09.14"]
[SourceVersion "1"]
[SourceVersionDate "2015.09.14"]
[SourceQuality "1"]
[WhiteTeam "Shanghai CC"]
[BlackTeam "Chongqing Unicorn"]
[WhiteTeamCountry "CHN"]
[BlackTeamCountry "CHN"]

1. e4 c5 2. Nf3 e6 3. Nc3 Nc6 4. d4 cxd4 5. Nxd4 Nf6 6. Ndb5 Bb4 7. a3 Bxc3+ 8. Nxc3 d5 9. exd5 exd5 10. Bd3 h6 11. 0-0 0-0 12. Bf4 Re8 13. Re1 Rxe1+ 14. Qxe1 Be6 15. Qd2 d4 16. Ne4 Bd5 17. Nxf6+ Qxf6 18. Re1 Kf8 19. Bg3 a6 20. Qe2 Rd8 21. h3 Qg5 22. Bd6+ 1-0